000 00765nam a2200217 4500
001 12485
003 ES-MaACL
005 20250824233320.0
007 t|
008 000000s19930000sp a ||||0| spa d
020 _a84-7483-960-2
080 _a655(460)"1993"
245 0 0 _aLibros mejor editados 1992 :
_bconvocatoria 1993 /
_c[realización, Centro del Libro y de la Lectura].
260 _a[Madrid] :
_bDirección General del Libro y Bibliotecas,
_c[1993]
300 _a73 p. :
_bil. col ;
_c28 cm.
650 1 4 _aLibros españoles-
_vBibliografías.
_9137474
710 2 _aCentro del Libro y de la Lectura (España)
_92726
710 1 _aEspaña.
_bDirección General del Libro y Bibliotecas.
_93788
852 _aES-MaACL
_jL-19680
999 _c12485
_d12485